[Event "Barcelona GM 06"]
[Site "Barcelona"]
[Date "2025.06.30"]
[Round "9"]
[White "Aguero Jimenez, Luis Lazaro"]
[Black "Alonso Garcia, Aaron"]
[Result "1/2-1/2"]
[WhiteElo "2483"]
[BlackElo "2454"]
[PlyCount "35"]
[EventDate "2025.06.25"]
[EventType "tourn"]
[EventRounds "9"]
[EventCountry "ESP"]
[EventCategory "7"]
[SourceTitle "CB28_2025"]
[SourceDate "2025.07.09"]
[SourceVersion "1"]
[SourceVersionDate "2025.07.09"]
[SourceQuality "1"]

1. Nf3 c5 2. e4 e6 3. d4 cxd4 4. Nxd4 Nc6 5. Nb5 d6 6. Bf4 e5 7. Be3 Nf6 8. Bg5 Be6 9. Nd2 Be7 10. Bxf6 Bxf6 11. Nc4 0-0 12. Qxd6 Qc8 13. Qd2 Rd8 14. Qc1 Bxc4 15. Bxc4 Nd4 16. Bd3 Qg4 17. 0-0 Nxb5 18. Bxb5 1/2-1/2

[Event "Norway Chess op-A"]
[Site "Stavanger"]
[Date "2025.05.27"]
[Round "5"]
[White "Poley, Vladimir"]
[Black "Alonso Garcia, Aaron"]
[Result "0-1"]
[WhiteElo "2284"]
[BlackElo "2454"]
[PlyCount "54"]
[EventDate "2025.05.27"]
[EventType "swiss"]
[EventRounds "9"]
[EventCountry "NOR"]
[SourceTitle "CB23_2025"]
[SourceDate "2025.06.04"]
[SourceVersion "1"]
[SourceVersionDate "2025.06.04"]
[SourceQuality "1"]

1. Nf3 c5 2. b3 d6 3. e3 Nc6 4. Bb2 e5 5. d4 cxd4 6. exd4 e4 7. Nfd2 d5 8. c4 Nf6 9. cxd5 Qxd5 10. Nc3 Qxd4 11. Na4 Qd8 12. Bb5 Be7 13. 0-0 0-0 14. Bxc6 bxc6 15. Rc1 Bf5 16. Re1 Bb4 17. Nc3 Re8 18. a3 Bd6 19. h3 Bf4 20. Ncb1 e3 21. fxe3 Bxe3+ 22. Kh1 Bxb1 23. Bxf6 Qxd2 24. Qg4 Bg6 25. Rcd1 Qc2 26. Ba1 h5 27. Qd7 Be4 0-1

[Event "San Vicente op 9th"]
[Site "San Vicente"]
[Date "2025.04.20"]
[Round "8"]
[White "Alonso Garcia, Aaron"]
[Black "Liu, Zexu"]
[Result "1/2-1/2"]
[WhiteElo "2462"]
[BlackElo "2335"]
[PlyCount "122"]
[EventDate "2025.04.16"]
[EventType "swiss"]
[EventRounds "9"]
[EventCountry "ESP"]
[SourceTitle "CB17_2025"]
[SourceDate "2025.04.23"]
[SourceVersion "1"]
[SourceVersionDate "2025.04.23"]
[SourceQuality "1"]

1. e4 e5 2. Nf3 Nc6 3. Bb5 a6 4. Ba4 Nf6 5. 0-0 d6 6. Re1 Bd7 7. c3 g6 8. d4 Bg7 9. d5 Ne7 10. c4 b5 11. Bc2 0-0 12. Nc3 c5 13. dxc6 Bxc6 14. b3 Qc7 15. Bd3 bxc4 16. bxc4 Nd7 17. Be3 Nc5 18. Bxc5 dxc5 19. Nd5 Qd6 20. Rb1 Rab8 21. Qd2 Bd7 22. Nxe7+ Qxe7 23. h3 f5 24. Qa5 Rxb1 25. Bxb1 Bc8 26. Bc2 h5 27. Qb6 Bf6 28. Nd2 f4 29. Bd1 Qd8 30. Qb2 Qa5 31. Kf1 Rd8 32. Nb3 Qb4 33. Be2 Be6 34. a3 Qb6 35. Qc2 Kf7 36. Rb1 Qc7 37. Qc3 Rb8 38. Ke1 a5 39. Nd2 Rxb1+ 40. Nxb1 Bd8 41. Qc1 Qb7 42. Nc3 Qb3 43. Nd5 a4 44. Kf1 Ba5 45. Kg1 Qa2 46. Bd3 Qb3 47. Qb1 Qxb1+ 48. Bxb1 Bxd5 49. exd5 Bd2 50. Bc2 Bc1 51. Bxa4 Bxa3 52. Bc2 g5 53. Kf1 Bb2 54. Ke2 Bd4 55. Bf5 Ke7 56. h4 gxh4 57. Kf3 Kd6 58. Bg6 Ke7 59. Bxh5 e4+ 60. Kxf4 Bxf2 61. Kxe4 Kd6 1/2-1/2

[Event "San Vicente op 9th"]
[Site "San Vicente"]
[Date "2025.04.20"]
[Round "7"]
[White "Gombocz, Ferenc Jr"]
[Black "Alonso Garcia, Aaron"]
[Result "1/2-1/2"]
[WhiteElo "2331"]
[BlackElo "2462"]
[PlyCount "97"]
[EventDate "2025.04.16"]
[EventType "swiss"]
[EventRounds "9"]
[EventCountry "ESP"]
[SourceTitle "CB17_2025"]
[SourceDate "2025.04.23"]
[SourceVersion "1"]
[SourceVersionDate "2025.04.23"]
[SourceQuality "1"]

1. d4 Nf6 2. c4 e6 3. Nf3 b6 4. g3 Bb7 5. Bg2 Be7 6. 0-0 0-0 7. Nc3 Ne4 8. Bd2 Nxd2 9. Qxd2 d6 10. e4 Nd7 11. Ne1 c5 12. d5 Ne5 13. b3 exd5 14. Nxd5 Rb8 15. Nc2 Bxd5 16. Qxd5 b5 17. cxb5 Rxb5 18. f4 Nd7 19. e5 Nb6 20. Qb7 Ra5 21. Ne3 g6 22. a4 Re8 23. Rad1 Qc8 24. Qf3 dxe5 25. fxe5 Rf8 26. Qf4 c4 27. Nxc4 Nxc4 28. bxc4 Qc5+ 29. Kh1 Qxe5 30. Qxe5 Rxe5 31. Rd7 Bc5 32. Bd5 Re7 33. Rxe7 Bxe7 34. Rb1 a5 35. Rb7 Bd6 36. Kg2 Kg7 37. Ra7 Bb4 38. Kf3 Kf6 39. h3 h5 40. g4 hxg4+ 41. hxg4 Ke5 42. Bxf7 Kf6 43. Bd5 Kg5+ 44. Rf7 Rxf7+ 45. Bxf7 Kf6 46. Be8 g5 47. Ke4 Ke7 48. Bg6 Kd6 49. Bf5 1/2-1/2

[Event "BEL-chT 2324"]
[Site "Belgium"]
[Date "2023.11.19"]
[Round "4.4"]
[White "De Waele, Warre"]
[Black "Alonso Garcia, Aaron"]
[Result "0-1"]
[WhiteElo "2359"]
[BlackElo "2429"]
[PlyCount "44"]
[EventDate "2023.09.24"]
[EventType "team-tourn"]
[EventRounds "11"]
[EventCountry "BEL"]
[SourceTitle "EXT 2025"]
[Source "ChessBase"]
[SourceDate "2024.10.14"]
[SourceVersion "1"]
[SourceVersionDate "2024.10.14"]
[SourceQuality "1"]
[WhiteTeam "Wetteren"]
[BlackTeam "Wachtebeke"]
[WhiteTeamCountry "BEL"]
[BlackTeamCountry "BEL"]

1. d4 Nf6 2. c4 e6 3. Bf4 Bb4+ 4. Nd2 d5 5. Qa4+ Nc6 6. Ngf3 0-0 7. a3 Bxd2+ 8. Bxd2 Ne4 9. Bf4 g5 10. Bc1 Qf6 11. h3 Nxd4 12. cxd5 e5 13. Be3 Bd7 14. Qd1 c5 15. g4 Rfe8 16. Qd3 Nd6 17. Nd2 c4 18. Qc3 N6b5 19. Qc1 Qg6 20. Bxd4 Nxd4 21. e4 Ba4 22. Bxc4 Rac8 0-1

[Event "ESP-ch 88th"]
[Site "Marbella"]
[Date "2023.10.20"]
[Round "8"]
[White "Alonso Garcia, Aaron"]
[Black "Vela Frago, Alberto"]
[Result "1/2-1/2"]
[WhiteElo "2446"]
[BlackElo "2263"]
[PlyCount "101"]
[EventDate "2023.10.13"]
[EventType "swiss"]
[EventRounds "9"]
[EventCountry "ESP"]
[SourceTitle "CBM 216 Extra"]
[Source "ChessBase"]
[SourceDate "2023.11.30"]
[SourceVersion "1"]
[SourceVersionDate "2023.11.30"]
[SourceQuality "1"]

1. e4 e5 2. Nf3 Nf6 3. d4 Nxe4 4. dxe5 d5 5. Nbd2 Nxd2 6. Bxd2 Be7 7. Bd3 c5 8. c3 Nc6 9. h3 Be6 10. 0-0 0-0 11. b4 c4 12. Bb1 d4 13. b5 dxc3 14. Qc2 g6 15. Qxc3 Bb4 16. Qc2 Bxd2 17. bxc6 Ba5 18. Rd1 Qc7 19. Qc1 bxc6 20. Qh6 Rfd8 21. Bc2 Bc3 22. Ng5 Qxe5 23. Qxh7+ Kf8 24. Qh6+ Ke7 25. Nxe6 Bxa1 26. Nxd8 Rxd8 27. Qh4+ g5 28. Qxc4 Rxd1+ 29. Bxd1 Qe1+ 30. Qf1 Qxf1+ 31. Kxf1 Kd6 32. Ke2 Ke5 33. Bb3 f5 34. g3 f4 35. Kd3 fxg3 36. fxg3 Bd4 37. h4 gxh4 38. gxh4 Bf2 39. h5 Kf6 40. Bd1 Kg5 41. Ke4 Kh6 42. Ke5 Bg1 43. Kd6 Bf2 44. Kxc6 Bg1 45. a4 Bf2 46. a5 Bg1 47. Be2 Bf2 48. a6 Bg1 49. Kd5 Bf2 50. Ke4 Bb6 51. Bd1 1/2-1/2

[Event "ESP-ch 88th"]
[Site "Marbella"]
[Date "2023.10.14"]
[Round "2"]
[White "Alonso Garcia, Aaron"]
[Black "Guadamuro Torrente, Anabel"]
[Result "1-0"]
[WhiteElo "2446"]
[BlackElo "2033"]
[PlyCount "73"]
[EventDate "2023.10.13"]
[EventType "swiss"]
[EventRounds "9"]
[EventCountry "ESP"]
[SourceTitle "CBM 216 Extra"]
[Source "ChessBase"]
[SourceDate "2023.11.30"]
[SourceVersion "1"]
[SourceVersionDate "2023.11.30"]
[SourceQuality "1"]

1. e4 e5 2. Nf3 Nc6 3. Bb5 Nf6 4. d3 d6 5. 0-0 g6 6. d4 Bd7 7. d5 Ne7 8. Bxd7+ Qxd7 9. Re1 Bg7 10. c4 0-0 11. Nc3 h6 12. c5 Nh5 13. b4 Nf4 14. a4 Qg4 15. Bxf4 exf4 16. Rc1 a6 17. h3 Qd7 18. c6 bxc6 19. dxc6 Qd8 20. Nd5 Rb8 21. Rc4 g5 22. Nxe7+ Qxe7 23. Qd5 Rfe8 24. Rb1 Qe6 25. b5 axb5 26. axb5 Rb6 27. Ra4 Reb8 28. Qd3 Qc8 29. Nd2 Ra8 30. Rxa8 Qxa8 31. Nc4 Rb8 32. Qd5 Qa2 33. Rd1 Qb3 34. Nxd6 Qxd5 35. Rxd5 cxd6 36. c7 Ra8 37. b6 1-0

[Event "ESP-ch Rapid"]
[Site "Linares"]
[Date "2023.08.19"]
[Round "8"]
[White "Alonso Garcia, Aaron"]
[Black "Lorente Serrano, Rosa Adela"]
[Result "1/2-1/2"]
[WhiteElo "2446"]
[BlackElo "1920"]
[PlyCount "141"]
[EventDate "2023.08.19"]
[EventType "swiss (rapid)"]
[EventRounds "10"]
[EventCountry "ESP"]
[SourceTitle "CBM 215 Extra"]
[Source "ChessBase"]
[SourceDate "2023.09.30"]
[SourceVersion "1"]
[SourceVersionDate "2023.09.30"]
[SourceQuality "1"]

1. e4 c5 2. Nf3 Nc6 3. b3 e5 4. Bb5 d6 5. 0-0 g6 6. c3 Bg7 7. d4 exd4 8. cxd4 Bd7 9. Bb2 Nge7 10. Qd2 cxd4 11. Nxd4 0-0 12. Na3 a6 13. Nxc6 bxc6 14. Bxg7 Kxg7 15. Be2 d5 16. Rfd1 Be6 17. Rac1 f6 18. exd5 cxd5 19. Nc2 Nf5 20. Bg4 Rc8 21. Bxf5 Bxf5 22. Nd4 Bd7 23. Qb4 Rf7 24. Qd6 Rxc1 25. Rxc1 Qa5 26. h3 Qd2 27. Qc5 h5 28. a4 Rf8 29. Qc3 Qg5 30. Re1 Rf7 31. Qe3 Qh4 32. Rc1 Qe4 33. Rc7 Qxe3 34. fxe3 Re7 35. Nc6 Rf7 36. Nb8 Be6 37. Nxa6 d4 38. exd4 Bxb3 39. a5 Bd5 40. Kf2 Bb7 41. Rxf7+ Kxf7 42. Nc5 Bd5 43. g3 Ke7 44. Ke3 Kd6 45. Nd3 g5 46. h4 Bb7 47. Nc5 Bd5 48. Ne4+ Ke6 49. a6 gxh4 50. gxh4 Kf5 51. a7 Bxe4 52. Kd2 Kg4 53. Kc3 f5 54. Kc4 Bb7 55. d5 f4 56. d6 f3 57. d7 f2 58. d8Q f1Q+ 59. Kc5 Qc1+ 60. Kb4 Qb2+ 61. Kc4 Qa2+ 62. Kb4 Qxa7 63. Qg5+ Kh3 64. Qxh5 Qd4+ 65. Kb5 Qd5+ 66. Qxd5 Bxd5 67. h5 Be4 68. h6 Kh4 69. Kc5 Kh5 70. Kd4 Kxh6 71. Kxe4 1/2-1/2

[Event "ESP-ch Rapid"]
[Site "Linares"]
[Date "2023.08.19"]
[Round "1"]
[White "Garcia Garcia, Samuel"]
[Black "Alonso Garcia, Aaron"]
[Result "1-0"]
[WhiteElo "2136"]
[BlackElo "2446"]
[PlyCount "155"]
[EventDate "2023.08.19"]
[EventType "swiss (rapid)"]
[EventRounds "10"]
[EventCountry "ESP"]
[SourceTitle "CBM 215 Extra"]
[Source "ChessBase"]
[SourceDate "2023.09.30"]
[SourceVersion "1"]
[SourceVersionDate "2023.09.30"]
[SourceQuality "1"]

1. d4 Nf6 2. Nf3 e6 3. c4 Bb4+ 4. Bd2 Qe7 5. g3 Nc6 6. Bg2 Bxd2+ 7. Nbxd2 d6 8. 0-0 0-0 9. Qc2 a5 10. Rac1 e5 11. d5 Nb4 12. Qb1 e4 13. Nd4 e3 14. Ne4 Nxe4 15. Bxe4 g6 16. f4 Nxa2 17. Rcd1 Nb4 18. f5 Bd7 19. Rf4 Rae8 20. Rdf1 c5 21. f6 Qd8 22. Nf3 Rxe4 23. Qxe4 Re8 24. Qb1 b5 25. Ng5 bxc4 26. Rh4 Re5 27. Nxf7 Qf8 28. Nxe5 dxe5 29. Qe4 Qf7 30. Qxe5 Nxd5 31. Rd1 Bc6 32. Qb8+ Qf8 33. Qxf8+ Kxf8 34. Rxc4 Nxf6 35. Rf1 Ke7 36. Rxf6 Kxf6 37. Rxc5 Bd7 38. Rxa5 Bg4 39. Kf1 Ke6 40. Ra3 Kd5 41. Rxe3 Kc4 42. Rc3+ Kd4 43. Rc1 Ke3 44. b4 Bxe2+ 45. Kg1 Kd4 46. Kf2 Ba6 47. Kf3 Ke5 48. Ke3 Kd5 49. Kf4 Be2 50. Kg5 Kd4 51. Kh6 Ke3 52. Kxh7 g5 53. Kh6 g4 54. Kg5 Kf3 55. Kh4 Ba6 56. Rc3+ Kg2 57. Kxg4 Kxh2 58. Kf4 Kh3 59. g4+ Kg2 60. g5 Bb5 61. g6 Be8 62. g7 Bf7 63. g8Q+ Bxg8 64. Rg3+ Kf2 65. Rxg8 Ke2 66. b5 Kd3 67. b6 Kd4 68. b7 Kd5 69. b8Q Ke6 70. Qe8+ Kd6 71. Rg6+ Kd5 72. Qe6+ Kc5 73. Qd6+ Kc4 74. Rg8 Kb5 75. Qc7 Ka6 76. Qb8 Ka5 77. Rg1 Ka6 78. Ra1# 1-0

[Event "ESP-ch Rapid"]
[Site "Linares"]
[Date "2023.08.19"]
[Round "5"]
[White "Sanz Wawer, Daniel"]
[Black "Alonso Garcia, Aaron"]
[Result "1-0"]
[WhiteElo "2368"]
[BlackElo "2446"]
[PlyCount "178"]
[EventDate "2023.08.19"]
[EventType "swiss (rapid)"]
[EventRounds "10"]
[EventCountry "ESP"]
[SourceTitle "CBM 215 Extra"]
[Source "ChessBase"]
[SourceDate "2023.09.30"]
[SourceVersion "1"]
[SourceVersionDate "2023.09.30"]
[SourceQuality "1"]

1. e4 c5 2. Nf3 a6 3. c3 d5 4. exd5 Qxd5 5. d4 e6 6. Be3 Nd7 7. Bd3 Ngf6 8. 0-0 Be7 9. Re1 0-0 10. a4 b6 11. Nbd2 Bb7 12. Bf1 Rfd8 13. h3 Rac8 14. Qb3 Qxb3 15. Nxb3 Nd5 16. Bg5 cxd4 17. Nbxd4 Bxg5 18. Nxg5 h6 19. Ngf3 Nc5 20. Ne5 Ne7 21. Nc4 Nd5 22. g3 Rb8 23. Ne5 Ne7 24. Bc4 Bd5 25. Bxd5 Rxd5 26. b4 Nd7 27. Nec6 Nxc6 28. Nxc6 Re8 29. Rad1 Nf6 30. c4 Rxd1 31. Rxd1 Kf8 32. Rd6 Rc8 33. Ne5 Rb8 34. a5 bxa5 35. bxa5 Ra8 36. Rb6 Ne4 37. Rb7 f6 38. Nd7+ Kg8 39. c5 Rc8 40. Rb4 Nd2 41. Rb8 Rxb8 42. Nxb8 Kf7 43. c6 Nc4 44. c7 Nd6 45. Nxa6 Ke7 46. Nc5 Nc8 47. Kg2 Kd6 48. Nb3 Kxc7 49. Kf3 Kc6 50. Ke4 Nd6+ 51. Kd4 Kb5 52. a6 Kb4 53. Nd2 Nb5+ 54. Ke4 Kc3 55. Nb1+ Kb4 56. Nd2 Na7 57. h4 Nc6 58. g4 g6 59. Nf3 Ka5 60. Nd4 f5+ 61. gxf5 exf5+ 62. Nxf5 gxf5+ 63. Kxf5 Kxa6 64. Kg6 Kb6 65. Kxh6 Kc7 66. Kg7 Kd6 67. h5 Nd4 68. h6 Nf5+ 69. Kg6 Nh4+ 70. Kf6 Ng2 71. h7 Nf4 72. h8Q Nd5+ 73. Kf5 Ne7+ 74. Ke4 Ke6 75. Qh3+ Kf6 76. f4 Kf7 77. f5 Kf6 78. Qh6+ Kf7 79. Qe6+ Kf8 80. f6 Ng6 81. Qa6 Kf7 82. Kf5 Nh4+ 83. Kg4 Ng6 84. Kg5 Ne5 85. Qb7+ Ke6 86. Qe7+ Kd5 87. Qxe5+ Kxe5 88. f7 Kd5 89. f8Q Ke5 1-0

[Event "Colonia de Sant Jordi 2nd"]
[Site "Colonia de Sant Jordi"]
[Date "2023.06.17"]
[Round "9"]
[White "Shivakumar, Shawnak"]
[Black "Alonso Garcia, Aaron"]
[Result "0-1"]
[WhiteElo "2431"]
[BlackElo "2439"]
[PlyCount "142"]
[EventDate "2023.06.09"]
[EventType "tourn"]
[EventRounds "9"]
[EventCountry "ESP"]
[EventCategory "7"]
[SourceTitle "CBM 214 Extra"]
[Source "ChessBase"]
[SourceDate "2023.07.31"]
[SourceVersion "1"]
[SourceVersionDate "2023.07.31"]
[SourceQuality "1"]

1. c4 b6 2. Nc3 Bb7 3. e4 c5 4. g3 Nc6 5. Bg2 g6 6. Nge2 Bg7 7. d3 d6 8. Rb1 Qd7 9. Be3 Nd4 10. b4 f5 11. 0-0 Nxe2+ 12. Nxe2 Nf6 13. e5 Ng4 14. e6 Qc8 15. Qa4+ Kf8 16. Bxb7 Qxb7 17. Nf4 Bf6 18. Nd5 Qc8 19. Rbe1 h5 20. Kg2 h4 21. h3 Ne5 22. Qd1 hxg3 23. f4 Nc6 24. bxc5 bxc5 25. Nxf6 exf6 26. d4 cxd4 27. Bxd4 Nxd4 28. Qxd4 Ke7 29. Qd5 Rb8 30. Rb1 Qa6 31. a4 Rhc8 32. Rb5 Rxb5 33. cxb5 Rc2+ 34. Kxg3 Qb6 35. a5 Qe3+ 36. Qf3 Qxf3+ 37. Rxf3 Ra2 38. a6 Kxe6 39. Rb3 Kd5 40. b6 axb6 41. Rxb6 Kc5 42. Rb8 Ra3+ 43. Kf2 Rxa6 44. Rg8 Kd4 45. Rxg6 Ke4 46. Rxf6 Kxf4 47. h4 Ra2+ 48. Ke1 d5 49. h5 d4 50. h6 Rh2 51. Rd6 Ke3 52. Re6+ Kd3 53. Rf6 Ke4 54. Re6+ Kf3 55. Rd6 f4 56. Rf6 Ke3 57. Re6+ Kd3 58. Rd6 f3 59. Rf6 f2+ 60. Kf1 Ke3 61. h7 Rh1+ 62. Kg2 Rxh7 63. Re6+ Kd2 64. Kxf2 Rf7+ 65. Kg2 d3 66. Rd6 Ke2 67. Re6+ Kd1 68. Rd6 d2 69. Rd8 Rf5 70. Kg3 Ke2 71. Kg4 Rf1 0-1

[Event "Colonia de Sant Jordi 2nd"]
[Site "Colonia de Sant Jordi"]
[Date "2023.06.16"]
[Round "8"]
[White "Alonso Garcia, Aaron"]
[Black "Matnadze, Ana"]
[Result "1-0"]
[WhiteElo "2439"]
[BlackElo "2394"]
[PlyCount "87"]
[EventDate "2023.06.09"]
[EventType "tourn"]
[EventRounds "9"]
[EventCountry "ESP"]
[EventCategory "7"]
[SourceTitle "CBM 214 Extra"]
[Source "ChessBase"]
[SourceDate "2023.07.31"]
[SourceVersion "1"]
[SourceVersionDate "2023.07.31"]
[SourceQuality "1"]

1. e4 c6 2. d4 g6 3. Nc3 Bg7 4. h3 d6 5. Be3 Nd7 6. a4 Qa5 7. Nf3 Ngf6 8. Nd2 0-0 9. Be2 Rd8 10. 0-0 e5 11. dxe5 dxe5 12. Nc4 Qc7 13. Qd6 Ne8 14. Qxc7 Nxc7 15. Nd6 Ne6 16. Rad1 Nd4 17. Bc4 Rf8 18. Ne2 Nb6 19. Nxd4 exd4 20. Bxd4 Nxa4 21. b4 Nb2 22. Bxb2 Bxb2 23. Nxc8 Raxc8 24. Rd7 b5 25. Bb3 c5 26. Rb1 Bd4 27. c4 Rce8 28. Re1 Rd8 29. Rxa7 cxb4 30. Rb7 bxc4 31. Bxc4 Rc8 32. Bb3 Ra8 33. Rd1 Bc3 34. Rdd7 Kh8 35. Bxf7 Ra1+ 36. Kh2 Rf1 37. Bc4 Be5+ 38. f4 Bxf4+ 39. g3 Bxg3+ 40. Kxg3 R8f3+ 41. Kg4 Rf4+ 42. Kg5 h6+ 43. Kxh6 Rh4+ 44. Kg5 1-0

[Event "Colonia de Sant Jordi 2nd"]
[Site "Colonia de Sant Jordi"]
[Date "2023.06.15"]
[Round "7"]
[White "Alonso Garcia, Aaron"]
[Black "Macias Pino, Diego"]
[Result "1-0"]
[WhiteElo "2439"]
[BlackElo "2408"]
[PlyCount "87"]
[EventDate "2023.06.09"]
[EventType "tourn"]
[EventRounds "9"]
[EventCountry "ESP"]
[EventCategory "7"]
[SourceTitle "CBM 214 Extra"]
[Source "ChessBase"]
[SourceDate "2023.07.31"]
[SourceVersion "1"]
[SourceVersionDate "2023.07.31"]
[SourceQuality "1"]

1. e4 e5 2. Nf3 Nc6 3. Bb5 a6 4. Ba4 Nf6 5. 0-0 Be7 6. Re1 b5 7. Bb3 0-0 8. d3 d6 9. Bd2 Bg4 10. c3 d5 11. h3 Bxf3 12. Qxf3 d4 13. a3 dxc3 14. bxc3 Na5 15. Ba2 c5 16. Bg5 Nd7 17. Bxe7 Qxe7 18. Bd5 Rac8 19. Nd2 Nb6 20. c4 Nc6 21. Bxc6 Rxc6 22. Reb1 Qd7 23. Rb3 Rd6 24. Rab1 Rd8 25. cxb5 axb5 26. Nf1 Rxd3 27. Rxd3 Qxd3 28. Qxd3 Rxd3 29. Rxb5 Nd7 30. Ra5 g6 31. Ne3 Kg7 32. Kf1 Rd4 33. f3 h5 34. h4 c4 35. Ke2 Nb6 36. Ra6 Nc8 37. Nd5 Rd3 38. a4 Ra3 39. Rc6 Ra2+ 40. Kf1 c3 41. Rxc8 c2 42. Ke1 Rxa4 43. Rxc2 Ra1+ 44. Kf2 1-0

[Event "Alicante Easter op 7th"]
[Site "La Nucia"]
[Date "2023.04.10"]
[Round "9"]
[White "Alonso Garcia, Aaron"]
[Black "Moussard, Jules"]
[Result "0-1"]
[WhiteElo "2426"]
[BlackElo "2667"]
[PlyCount "82"]
[EventDate "2023.04.05"]
[EventType "swiss"]
[EventRounds "9"]
[EventCountry "ESP"]
[SourceTitle "CBM 213 Extra"]
[Source "ChessBase"]
[SourceDate "2023.05.31"]
[SourceVersion "1"]
[SourceVersionDate "2023.05.31"]
[SourceQuality "1"]

1. e4 c5 2. Nf3 d6 3. d4 cxd4 4. Nxd4 Nf6 5. Nc3 a6 6. Bg5 e6 7. f4 Nbd7 8. Qe2 Qc7 9. 0-0-0 b5 10. a3 Rb8 11. g4 h6 12. Bxf6 Nxf6 13. Bg2 Be7 14. h4 Nd7 15. Rhe1 Bxh4 16. Nd5 Qc4 17. Nf5 exf5 18. exf5+ Qxe2 19. Rxe2+ Kf8 20. Nc7 Nf6 21. Rxd6 Kg8 22. Re7 Bg3 23. Rd4 Bb7 24. Bxb7 Rxb7 25. g5 hxg5 26. fxg5 Rh1+ 27. Kd2 Rxc7 28. Rd8+ Kh7 29. gxf6 Bf4+ 30. Ke2 Rxc2+ 31. Kf3 Rf1+ 32. Ke4 Re2+ 33. Kd5 Rd2+ 34. Kc6 Rxd8 35. Rxf7 Bh6 36. fxg7 Bxg7 37. Kb7 Rf8 38. Rxf8 Bxf8 39. Kxa6 Rxf5 40. b4 Bxb4 41. axb4 Kg6 0-1

[Event "Alicante Easter op 7th"]
[Site "La Nucia"]
[Date "2023.04.09"]
[Round "8"]
[White "Iermito, Sebastian"]
[Black "Alonso Garcia, Aaron"]
[Result "1/2-1/2"]
[WhiteElo "2533"]
[BlackElo "2426"]
[PlyCount "49"]
[EventDate "2023.04.05"]
[EventType "swiss"]
[EventRounds "9"]
[EventCountry "ESP"]
[SourceTitle "CBM 213 Extra"]
[Source "ChessBase"]
[SourceDate "2023.05.31"]
[SourceVersion "1"]
[SourceVersionDate "2023.05.31"]
[SourceQuality "1"]

1. e4 c5 2. Nf3 e6 3. d4 cxd4 4. Nxd4 Nc6 5. Bf4 d6 6. Nxc6 bxc6 7. c4 e5 8. Be3 Nf6 9. Nc3 Be7 10. Be2 0-0 11. 0-0 Rb8 12. Qc2 Qc7 13. Rfd1 Ng4 14. Bxg4 Bxg4 15. f3 Be6 16. b3 f5 17. c5 dxc5 18. exf5 Bxf5 19. Ne4 Rb4 20. a3 Bxe4 21. fxe4 Rbb8 22. Qc4+ Kh8 23. Rd3 Rbd8 24. Rad1 Rxd3 25. Rxd3 1/2-1/2

[Event "Alicante Easter op 7th"]
[Site "La Nucia"]
[Date "2023.04.07"]
[Round "4"]
[White "Alonso Garcia, Aaron"]
[Black "Jacobson, Brandon"]
[Result "1-0"]
[WhiteElo "2426"]
[BlackElo "2556"]
[PlyCount "87"]
[EventDate "2023.04.05"]
[EventType "swiss"]
[EventRounds "9"]
[EventCountry "ESP"]
[SourceTitle "CBM 213 Extra"]
[Source "ChessBase"]
[SourceDate "2023.05.31"]
[SourceVersion "1"]
[SourceVersionDate "2023.05.31"]
[SourceQuality "1"]

1. e4 e5 2. Nf3 Nc6 3. Bb5 a6 4. Ba4 Nf6 5. 0-0 d6 6. Re1 Bd7 7. c3 g6 8. d4 Bg7 9. d5 Ne7 10. Bxd7+ Nxd7 11. a4 h6 12. a5 0-0 13. c4 f5 14. Nc3 Nf6 15. Ra4 Qd7 16. Qb3 Rab8 17. Be3 c5 18. dxc6 bxc6 19. Bb6 c5 20. Qd1 Nc6 21. Nd2 h5 22. Nd5 Bh6 23. Nxf6+ Rxf6 24. Nb1 Nd4 25. Nc3 f4 26. f3 g5 27. Ne2 g4 28. Nxd4 cxd4 29. Kh1 gxf3 30. gxf3 Rg6 31. Ra1 Kh7 32. Rg1 Rg3 33. Qf1 Rxg1+ 34. Qxg1 Rg8 35. Qf1 Bg5 36. b4 Bh4 37. b5 Qc8 38. bxa6 d3 39. Qxd3 Bg3 40. Qf1 Qxa6 41. hxg3 Rxg3 42. Ra2 Qc8 43. Bg1 d5 44. Bh2 1-0

[Event "Madrid-chT Honor 2223"]
[Site "Madrid"]
[Date "2023.03.19"]
[Round "14.1"]
[White "Alonso Garcia, Aaron"]
[Black "Rottenwohrer Suarez, Juan"]
[Result "1-0"]
[WhiteElo "2424"]
[BlackElo "2317"]
[PlyCount "77"]
[EventDate "2022.11.20"]
[EventType "team-tourn"]
[EventRounds "14"]
[EventCountry "ESP"]
[SourceTitle "EXT 2024"]
[Source "ChessBase"]
[SourceDate "2023.10.10"]
[SourceVersion "1"]
[SourceVersionDate "2023.10.10"]
[SourceQuality "1"]
[WhiteTeam "Collado Villalba"]
[BlackTeam "San Sebastian de los Reyes"]
[WhiteTeamCountry "ESP"]
[BlackTeamCountry "ESP"]

1. e4 e5 2. Nf3 Nc6 3. Bb5 Nf6 4. d3 Bc5 5. c3 d6 6. d4 exd4 7. cxd4 Bb4+ 8. Bd2 Bxd2+ 9. Nbxd2 0-0 10. 0-0 Bg4 11. Bxc6 bxc6 12. Qc2 Bxf3 13. Nxf3 Rb8 14. b3 Rb6 15. Rfe1 h6 16. Re3 Re8 17. Rae1 d5 18. e5 Ne4 19. Nd2 Nxd2 20. Qxd2 Qe7 21. Rc1 Qb4 22. Qxb4 Rxb4 23. Rd3 Rb6 24. f4 a5 25. a4 f6 26. Kf2 Reb8 27. Rcc3 fxe5 28. fxe5 Rf8+ 29. Ke3 Rf1 30. Rc5 Rb1 31. Rxa5 R6xb3 32. Rxb3 Rxb3+ 33. Kf4 Rb4 34. Ra7 Rxd4+ 35. Kf5 Rd2 36. Rxc7 Rf2+ 37. Ke6 Rxg2 38. Kd7 Kf7 39. e6+ 1-0